Zonas francas; ley 24331 /

Guardado en:
Formato: Libro
Publicado: : , 0
Materias:
Fc
Etiquetas: Agregar Etiqueta
Sin Etiquetas, Sea el primero en etiquetar este registro!
LEADER 00397nam a22001575a 4500
001 CEM.cems009822
005 20060214000000.0
008 130507b######################000#0#####d
003 CEMS
082 0 4 |a F380 
245 0 0 |a Zonas francas; ley 24331 / 
260 |a : , 0 
505 0 |a ZONA FRANCA; LEY 24331 
653 |a Fc 
653 |a Zona franca 
859 |a CEMS  |b BIB. CEMS - 11 de abril  |h F380  |i 5  |p 1588.44  |t Ej.1